1125 1473 1163 1045 1058 1356 1432 1289 1271 1394 1794 1455 1607 1526 1369 1585 1064 1671 1119 1564 1779 1552 1989 1375 1442 1318 1693 1212 1119 1583 1698 1983 1226 1992 1369 1523 1475 1357 1916 1723 1502 1595 1816 1495 1545 1423 1247 1005 1058 1819 1551 1574 1415 1489 1664 1690 1254 1361 1091 1004 1935 1879 1834 1655 1881 1318 1814 1458 1824 1561 1160 1653 1535 1484 1870 1263 1917 1987 1026 1642 1113 1340 1853 1155 1746 1163 1967 1319 1830 1128 1292 1505 1534 1959 1131 1468 1560 1171 1606 BCNSPRNW ULIB Ver.6.0+V

เปลี่ยนเป็นภาษาไทย

Change to English
 แสดงรายละเอียดบรรณานุกรม
  กลับหน้าหลัก

Brief Record : Get Marc (ISO 2709) : E-mail record : QR code < ปิดหน้าต่าง
LEADER : 00000nam 2200000uu 4500
001    13399107786
003     ULIB
008    110203s2552||||th 000 0 tha d
020    9746577123
060 04 WY20.5^bว523ก 2552
100 0  วิจิตร ศรีสุพรรณ
245 10 การวิจัยทางการพยาบาล :^bหลักการและแนวปฏิบัติ /^cวิจิตรศรีสุพรรณ
250    พิมพ์ครั้งที่ 4
260    เชียงใหม่ :^bโครงการตำรา คณะพยาบาลศาสตร์มหาวิทยาลัยเชียงใหม่,^c2552
300    171 หน้า ;^c27 ซม.
650  7 การพยาบาล^xวิจัย
650  7 พยาบาล^xวิจัย
710 2  มหาวิทยาลัยเชียงใหม่. ^bคณะพยาบาลศาสตร์. ^bโครงการตำรา
995    เกษร
999    ^aใช้งานได้ทุกระบบ
รายการนี้ยังไม่มีแท็ก
คุณยังไม่ได้ล็อกอิน คุณสามารถมีกิจกรรมร่วมกับเว็บไซต์ได้ แต่ต้องล็อกอินก่อน ::
  ล็อกอิน

รายการสื่อสารสนเทศ

ลำดับที่ ประเภท เลขเรียก/บาร์โค้ด สถานที่ สถานะ
- ไม่พบข้อมูล -

รายการใกล้เคียง
    ผู้แต่ง [วิจิตร ศรีสุพรรณ]

BibComment


ยังไม่เคยถูกคอมเมนท์

คอมเมนท์ทรัพยากรรายการนี้
  คอมเมนท์: การวิจัยทางการพยา..


 Copyright 2026. Bcnsprnw @Library